000 00648cam a2200229 4500500
005 20260329004035.0
041 _afre
042 _adc
100 1 0 _aLegros, Martin
_eauthor
245 0 0 _aUn monde de diplômés… en lutte
260 _c2018.
500 _a53
690 _adiplome
690 _aEmploi
690 _aEnseignement supérieur
690 _aÉtudiant
690 _aRevenu
690 _aTravail
690 _aUniversité
786 0 _nPhilosophie magazine | 118 | 4 | 2018-04-01 | p. 6-6 | 1951-1787
856 4 1 _uhttps://shs.cairn.info/magazine-philosophie-magazine-2018-4-page-6?lang=fr&redirect-ssocas=7080
999 _c1830035
_d1830035